Szczegóły MARC21

Pochodne instrumenty kredytowe : systematyka, wycena, zastosowanie : struktury standardowe i egzotyczne /

003 -Nazwa inst., której nr kontr. jest w polu 001 [,]
    • @
    • Nazwa instytucji, której n kontrolny jest w polu 001
    • NUKAT
005 -DATA I CZAS OSTATNIEJ MODYFIKACJI [,]
    • @
    • pole kontrolne
    • 20241231102538.0
020 -Międzynarod. znormalizowany nr książki - ISBN [ , ]
    • a
    • Numer ISBN
    • 9788375563733 Find
    • q
    • Dopowiedzenie
    • opr. miękka
040 -Instytucja sporządzająca opis [ , ]
    • a
    • Instytucja, która sporządziła opis (NP)
    • TOR U/lf
    • c
    • Instytucja, która sporządziła rekord (NP)
    • TOR U/lf
    • d
    • Instytucja, która zmodyfikowała rekord (P)
    • TOR U/LF
    • d
    • Instytucja, która zmodyfikowała rekord (P)
    • TOR U/IFs
    • d
    • Instytucja, która zmodyfikowała rekord (P)
    • KR 93/BZs
942 -Rodzaj dokumentu [ , ]
    • c
    • Rodzaj dokumentu
    • Książka
100 -Hasło główne - nazwa osobowa [1, ]
    • a
    • Nazwa osobowa (NP)
    • Pruchnicka-Grabias, Izabela.
    • 9
    • KHW
    • 41310
245 -Strefa tytułu i oznaczenia odpowiedzialności [1,0]
    • a
    • Tytuł
    • Pochodne instrumenty kredytowe : Find
    • b
    • Ciąg dalszy tytułu (NP)
    • systematyka, wycena, zastosowanie : struktury standardowe i egzotyczne / Find
    • c
    • Pozostałe elementy strefy tytułu i oznaczenia odpowiedzialności (NP)
    • Izabela Pruchnicka-Grabias.
260 -Strefa adresu wydawniczego [ , ]
    • a
    • Miejsce wydania (P)
    • Warszawa :
    • b
    • Nazwa wydawcy (P)
    • CeDeWu.pl Wydawnictwa Fachowe,
    • c
    • Data wydania (P)
    • 2011.
300 -Strefa opisu fizycznego [ , ]
    • a
    • Określenie formy książki i/lub objętość (NP)
    • 274 s. :
    • b
    • Oznaczenie ilustracji (NP)
    • il. ;
    • c
    • Format (NP)
    • 24 cm.
336 -Typ zawartości [ , ]
    • a
    • Termin opisujący typ zawartości
    • Tekst
    • b
    • Kod określający zawartość
    • txt
    • 2
    • Źródło (terminu i kodu)
    • rdacontent
337 -Typ mediów [ , ]
    • a
    • Tryb odtwarzania
    • Bez urządzenia pośredniczącego
    • b
    • Kod typu mediów
    • n
    • 2
    • Źródło (terminu i kodu)
    • rdamedia
338 -Typ/rodzaj nośnika [ , ]
    • a
    • Hasło opisujące typ nośnika
    • Wolumin
    • b
    • Kod typu nośnika
    • nc
    • 2
    • Źródło (terminu i kodu)
    • rdacarrier
504 -Uwaga dot. bibliogr. załącznikowej [ , ]
    • a
    • Uwaga dot. bibliografii załącznikowej
    • Bibliogr. s. 267-274.
521 -Uwaga dot. przeznaczenia czytelniczego [8, ]
    • a
    • Uwaga dot. przeznaczenia czytelniczego
    • Dla praktyków rynku finansowego, studentów i słuchaczy studiów podyplomowych i doktorankich oraz pracowników nauki.
650 -Hasło przedmiotowe [ ,7]
    • a
    • Hasło przedmiotowe
    • Ryzyko finansowe.
    • 2
    • Źródło terminu
    • kaba
    • 9
    • KHW
    • 199635
650 -Hasło przedmiotowe [ ,7]
    • a
    • Hasło przedmiotowe
    • Kredyt.
    • 2
    • Źródło terminu
    • kaba
    • 9
    • KHW
    • 115861
650 -Hasło przedmiotowe [ ,7]
    • a
    • Hasło przedmiotowe
    • Instrumenty pochodne (finanse).
    • 2
    • Źródło terminu
    • kaba
    • 9
    • KHW
    • 112123
920 -ISBN [ , ]
    • a
    • ISBN
    • 978-83-7556-373-3 Find
    • q
    • Dopowiedzenie
    • opr. miękka
Numer inwentarzowy Status udost. Lokalizacja Data inwentaryzacji
S.98183-2BE2023-03-29